000 00352nam a2200133 a 4500
001 000030218
005 20200930060137.0
008 110504s2008 dr 000 0 spa d
040 _aDO-SdBNP
_bspa
_cBNPHU
245 0 0 _aDirectorio jubilados Banreservas.
260 _aSanto Domingo :
_bBanreservas,
_c2008.
300 _a48 p. ;
_c23 cm.
049 _aBNPD
999 _c29710
_d29710